Pays contenant un Y dans leur nom - Statistiques

Statistiques générales
  • Ce quiz a été pris 206 fois
  • Le résultat moyen est 9 sur 13
Statistiques - réponses
Hint Réponse % Correct
Asie Yemen
95%
Amérique du sud Uruguay
84%
Amérique du sud Paraguay
83%
Afrique Libye
75%
Amérique du sud Guyana
70%
Afrique Kenya
66%
Afrique Égypte
64%
Asie Syrie
61%
Afrique Erythrée
60%
Europe Pays-Bas
53%
Asie Chypre
51%
Afrique Seychelles
51%
Europe Royaume uni
50%
Aucun quiz correspondant
Distribution des résultats
% des personnes avec chaque résultat
Percentile par nombre de réponses
Votre historique - résultats
Vous n’avez pas pris ce quiz